Návrh informačného systému pre vinársku spoločnosť
Uložené v:
| Hlavný autor: | |
|---|---|
| Ďalší autori: | |
| Médium: | Rukopis Kniha |
| Jazyk: | Slovak |
| Vydavateľské údaje: |
2025
|
| Predmet: | |
| On-line prístup: | http://is.stuba.sk/zp/portal_zp.pl?podrobnosti=176743 |
| Tagy: |
Žiadne tagy, Buďte prvý, kto otaguje tento záznam!
|
MARC
| LEADER | 00000ntm a22000003a 4500 | ||
|---|---|---|---|
| 001 | stuzp103612 | ||
| 003 | SK-STU | ||
| 005 | 20250628210707.0 | ||
| 007 | ta | ||
| 008 | 150427s2015----xo-----f-mn---000-0-slo-d | ||
| 040 | |a STU |b slo | ||
| 041 | 0 | |a slo | |
| 100 | 1 | |a Tereš, Adrián |u 066000 |4 aut |U MTF Materiálovotechnologická fakulta |T MTF Ústav aplikovanej informatiky, automatizácie a mechatroniky |X 121831 |U M6000 |Y 86 |7 121831 | |
| 242 | 0 | 1 | |a Design of an information system for a wine company |y eng |
| 245 | 1 | 0 | |a Návrh informačného systému pre vinársku spoločnosť |
| 260 | |c 2025 | ||
| 650 | 4 | |a PHP |2 slo | |
| 650 | 4 | |a vinárska spoločnosť |2 slo | |
| 650 | 4 | |a databáza |2 slo | |
| 650 | 4 | |a informačný systém |2 slo | |
| 650 | 4 | |a information system |2 eng | |
| 650 | 4 | |a database |2 eng | |
| 650 | 4 | |a PHP |2 eng | |
| 650 | 4 | |a wine company |2 eng | |
| 700 | 1 | |a Horák, Tibor |u 066000 |k Z2 |4 ths |U MTF Materiálovotechnologická fakulta |T MTF Ústav aplikovanej informatiky, automatizácie a mechatroniky |X 8418 |U M6000 |Y 86 |7 8418 | |
| 856 | 4 | |u http://is.stuba.sk/zp/portal_zp.pl?podrobnosti=176743 | |
| 996 | |c M* BP-10035 |l MMSKP |s P |a 0 |w stuzp103612_0001 | ||